书目信息 |
| 题名: |
生命密码
|
|
| 作者: | 高尼克 , 维里斯 著 ;段玉佩 译 | |
| 分册: | ||
| 出版信息: | 北京 科学普及出版社 2020.01 |
|
| 页数: | 209页 | |
| 开本: | 24cm | |
| 丛书名: | 双子星科普文库 | |
| 单 册: | ||
| 中图分类: | Q1-0 | |
| 科图分类: | ||
| 主题词: | 生命科学--sheng ming ke xue--青少年读物 | |
| 电子资源: | ||
| ISBN: | 978-7-110-09979-7 | |
| 000 | 01154nam 2200301 450 | |
| 001 | 0100016245 | |
| 005 | 20200929160439.0 | |
| 010 | @a978-7-110-09979-7@dCNY49.80 | |
| 100 | @a20200116d2020 demy0chiy50 ea | |
| 101 | 1 | @achi@aeng@ceng |
| 102 | @aCN@b110000 | |
| 105 | @aa z 000yy | |
| 106 | @ar | |
| 200 | 1 | @a生命密码@Asheng ming mi ma@f(美) 拉里·高尼克, 马克·维里斯著@d= The cartoon guide to genetics@fLarry Gonick, Mark Wheelis@g段玉佩译@zeng |
| 210 | @a北京@c科学普及出版社@d2020.01 | |
| 215 | @a209页@c图@d24cm | |
| 225 | 2 | @a双子星科普文库@Ashuang zi xing ke pu wen ku |
| 300 | @a爆笑科学漫画 | |
| 330 | @a本书从历史的角度讲述了生命的遗传物质的发现过程, 以及相关的生物学知识, 让青少年在阅读漫画学的同时, 学习生物知识, 培养其对生物的热爱与兴趣。 | |
| 410 | 0 | @12001 @a双子星科普文库 |
| 500 | 10 | @aCartoon guide to genetics@mChinese |
| 606 | 0 | @a生命科学@Asheng ming ke xue@j青少年读物 |
| 690 | @aQ1-0@v5 | |
| 701 | 1 | @a高尼克@Agao ni ke@g(Gonick, Larry)@4著 |
| 701 | 1 | @a维里斯@Awei li si@g(Wheelis, Mark)@4著 |
| 702 | 0 | @a段玉佩@Aduan yu pei@4译 |
| 801 | 0 | @aCN@c20200116 |
| 905 | @a河南城建学院图书馆@dQ1-0@f2@eG153 | |
| 生命密码/(美) 拉里·高尼克, 马克·维里斯著= The cartoon guide to genetics/Larry Gonick, Mark Wheelis/段玉佩译.-北京:科学普及出版社,2020.01 |
| 209页:图;24cm.-(双子星科普文库) |
| 爆笑科学漫画 |
| ISBN 978-7-110-09979-7:CNY49.80 |
| 本书从历史的角度讲述了生命的遗传物质的发现过程, 以及相关的生物学知识, 让青少年在阅读漫画学的同时, 学习生物知识, 培养其对生物的热爱与兴趣。 |
| ● |
| 相关链接 |
|
|
|
正题名:生命密码
索取号:Q1-0/G153
 
预约/预借
| 序号 | 登录号 | 条形码 | 馆藏地/架位号 | 状态 | 备注 |
| 1 | 1493296 | 214932965 | 自科库401/401自科库 24排3列4层/ [索取号:Q1-0/G153] | 在馆 | |
| 2 | 1493297 | 214932974 | 自科库401/401自科库 24排3列4层/ [索取号:Q1-0/G153] | 在馆 |